| Registos Bibliográficos associados ao registo de autoridade |
|
Etiqueta de registo: 00000nam 2200025 450 001 2125054 003 http://id.bnportugal.gov.pt/bib/catbnp/2125054 100 ## $a20230302d2021 k y0pory01030103ba 101 0# $apor$deng 102 ## $aPT 105 ## $ay m 000yy 106 ## $ar 200 1# $a A retórica do jornalismo nos romances de Eça de Queirós$fPatrícia Eduarda Florim Magalhães$gorient. Maria Luísa Malato da Rosa Borralho 210 #9 $aPorto$c[s.n.],$d2021 215 ## $a310 p.$d30 cm 328 #1 $aTese dout. Estudos Literários, Culturais e Interartísticos, Fac. de Letras, Univ.
do Porto, 2021 675 ## $a821.134.3-92Queirós, Eça de.09(043)$vBN$zpor$31367012 700 #1 $aMagalhães,$bPatrícia Eduarda Florim$31874641 702 #1 $aBorralho,$bMaria Luísa$4727$356378 801 #0 $aPT$bBN$gRPC 966 ## $lBN$mFGMON$sL. 166105 V.$x1 971 ## $cmsebas$d20230302 972 ## $e0$z0$d20230626$vmsebas 973 ## $caalmeid$d20230605
Etiqueta de registo: 00254nam 2200025 450 001 2287853 003 http://id.bnportugal.gov.pt/bib/catbnp/2287853 010 ## $a978-989-33-7762-8 021 ## $aPT$b565426/26 100 ## $a20260615d2026 m y0pory01030103ba 101 0# $apor$acze 102 ## $aES 105 ## $aa z 000by 106 ## $ar 200 1# $aR. U. R. robôs universais rossum$dR. U. R. rossum's universal robots$fKarel ÏCapek$gtrad. Patrícia Magalhães$gpref. Leonel Moura$zeng 205 ## $a2ª ed 210 #9 $a[S.l.$cs.n.],$d2025 215 ## $a179 p.$cil.$d21 cm 305 ## $aEdição bilingue em português e checo 510 1# $aR. U. R. rossum's universal robots$zeng 700 #1 $aÏCapek,$bKarel,$f1890-1938$330682 702 #1 $aMoura,$bLeonel,$f1948-$4080$3175297 702 #1 $aMagalhães,$bPatrícia Eduarda Florim$4730$31874641 801 #0 $aPT$bBN$gRPC 966 ## $lBN$mFGMON$x1 971 ## $cabrito$d20260615
|
|
|